000 00584nam a22002177a 4500
003 UA-OsUOA
001 48071
007 ta
008 20070829b un ||||| |||| 00| 0 ukr d
090 _a82.09
_bП78
942 _cBK
040 _aUA-OsUOA
_bukr
_cUA-OsUOA
_dUA-OsUOA
245 _aПроблеми типології сучасного радянського роману
300 _a209 с.
955 _a2
041 _aukr
080 _a82.09
260 _aК.
_c1987
650 7 _a82 Література. Літературознавство
_2UDC
999 _c334157
_d334157